000 01148cab a2200421 4500
001 ABS59926
008 090401t1999 xxu||||| |||| 00| 0 eng d
035 _a(Sirsi) u91148
041 _aeng
245 _aFocus `99: Surrey
260 _c1999
350 _a0
490 _aEstates Gazette
_v(9905) 6 February 1999, 75-127(14)
650 _aBROWNFIELD SITES
650 _aCHERTSEY
650 _aCROYDON
650 _aDEVELOPMENT
650 _aEPSOM
650 _aINDUSTRIAL MARKET
650 _aKINGSTON-UPON-THAMES
650 _aLEISURE MARKET
650 _aPROPERTY-COMMERCIAL PROPERTY-OFFICE PROPERTY-OFFICE PROPERTY MARKET
650 _aOFFICE RENTS
650 _aPROPERTY MARKET
650 _aPUBLIC TRANSPORT
650 _aREDHILL
650 _aREIGATE
650 _aPROPERTY-COMMERCIAL PROPERTY-RETAIL PROPERTY-RETAIL PROPERTY MARKET
650 _aRICHMOND-UPON-THAMES
650 _aSTAINES
650 _aSURREY
650 _aSUTTON
650 _aWALTON-ON-THAMES
650 _aWEYBRIDGE
690 _aPROPERTY-COMMERCIAL PROPERTY-COMMERCIAL PROPERTY MARKET
942 _n0
948 _c08/02/1999
999 _c57840
_d57840